Statistics for Gassu - the Quiz (Thanks for 1,000,000)

Click here to take the quiz!

General Stats

  • This quiz has been taken 31 times
  • The average score is 6 of 15

Answer Stats

Question Answer % Correct
Which team do I support?FC Bayern München
76%
What's my favourite country?New Zealand
69%
Which country do I come from?Switzerland
66%
What's my most-played quiz?Most-Visited Countries by U.S. Presidents
48%
What's my favourite animal?Red panda
48%
Who is my favourite singer?Álvaro Soler
41%
How old am I?18
38%
In how many different languages have I written a quiz?6
28%
What is my favorite U.S. state I visited?Wyoming
28%
What was the topic of my very first quiz?ice hockey
24%
What's my favourite city?Barcelona, Spain
24%
Which of these haven't I visited yet?Greece
24%
'Gassu' is a reference to who/what?former teacher
24%
What am I going to study at university?law
21%
What's my least liked country I've been to?Italy
14%

Score Distribution

Percentile by Number Answered

Percent of People with Each Score

Your Score History

You have not taken this quiz